Gāvarahāṭī. (Record no. 58478)

MARC details
000 -LEADER
fixed length control field 00595cam a22002411 4500
001 - CONTROL NUMBER
control field sa 64004405
003 - CONTROL NUMBER IDENTIFIER
control field DLC
005 - DATE AND TIME OF LATEST TRANSACTION
control field 20260227112024.0
008 - FIXED-LENGTH DATA ELEMENTS--GENERAL INFORMATION
fixed length control field 890609s1963 ii 000 0 maro
010 ## - LIBRARY OF CONGRESS CONTROL NUMBER
LC control number sa 64004405
035 ## - SYSTEM CONTROL NUMBER
System control number (OCoLC)19844078
040 ## - CATALOGING SOURCE
Original cataloging agency DLC
Transcribing agency WaU
Modifying agency DLC
042 ## - AUTHENTICATION CODE
Authentication code premarc
043 ## - GEOGRAPHIC AREA CODE
Geographic area code a-ii---
050 00 - LIBRARY OF CONGRESS CALL NUMBER
Classification number HN690.M33
Item number D3
100 1# - MAIN ENTRY--PERSONAL NAME
Personal name Dandekar, Vishnu Mahadeo.
245 10 - TITLE STATEMENT
Title Gāvarahāṭī.
260 ## - PUBLICATION, DISTRIBUTION, ETC.
Date of publication, distribution, etc. [1963]
300 ## - PHYSICAL DESCRIPTION
Extent 6, 179 p.
Dimensions 22 cm.
500 ## - GENERAL NOTE
General note In Marathi.
651 #0 - SUBJECT ADDED ENTRY--GEOGRAPHIC NAME
Geographic name Maharashtra (India)
General subdivision Rural conditions.
700 1# - ADDED ENTRY--PERSONAL NAME
Personal name Jagatāpa, M. B.

No items available.

Powered by Koha